| 000 | 00501nam a2200181Ia 4500 | ||
|---|---|---|---|
| 003 | GCL | ||
| 008 | 140319s9999 xx 000 0 eng d | ||
| 040 |
_aGCL / _cGCL |
||
| 082 | 0 | 4 |
_a658 _bK V |
| 100 | 1 | _aMALE,SLEVEN | |
| 245 | 1 | 0 |
_aVALUE MANAGEMENT IN DESIGN AND CONSTRUCTION: THE ECONOMIC MANAGEMENT OF PROJECTES / _cMALE,SLEVEN |
| 700 | 1 | _aKELLY, JOHN | |
| 260 |
_a[S.N] : _bE & FN SPON ، _c1993 |
||
| 300 | _a181 | ||
| 650 | 0 | 4 | _aECONOMIC CONDITIONS |
| 650 | 0 | 4 | _aECONOMICS |
| 942 |
_2ddc _cBK |
||
| 999 |
_c20918 _d20918 |
||